<?xml version='1.0' encoding='UTF-8'?>
  <record xmlns="http://www.loc.gov/MARC21/slim">
    <leader>00000cam a2200000Mi 4500</leader>
    <controlfield tag="001">ocn900779656</controlfield>
    <controlfield tag="003">OCoLC</controlfield>
    <controlfield tag="005">20240705120959.6</controlfield>
    <controlfield tag="008">150126s1897    gw            000 0 ger d</controlfield>
    <datafield tag="040" ind1=" " ind2=" ">
      <subfield code="a">NLGGC</subfield>
      <subfield code="b">dut</subfield>
      <subfield code="e">fobidrtb</subfield>
      <subfield code="c">NLGGC</subfield>
      <subfield code="d">L2U</subfield>
      <subfield code="d">OCLCO</subfield>
      <subfield code="d">OCLCF</subfield>
      <subfield code="d">OCLCL</subfield>
      <subfield code="d">OCLCQ</subfield>
    </datafield>
    <datafield tag="029" ind1="0" ind2=" ">
      <subfield code="a">NLGGC</subfield>
      <subfield code="b">387827986</subfield>
    </datafield>
    <datafield tag="035" ind1=" " ind2=" ">
      <subfield code="a">(OCoLC)900779656</subfield>
    </datafield>
    <datafield tag="050" ind1=" " ind2="4">
      <subfield code="a">QL955</subfield>
      <subfield code="b">.K45 1897</subfield>
    </datafield>
    <datafield tag="082" ind1="0" ind2="4">
      <subfield code="a">591.32</subfield>
      <subfield code="b">K262n</subfield>
    </datafield>
    <datafield tag="245" ind1="0" ind2="0">
      <subfield code="a">Normentafeln zur Entwicklungsgeschichte der Wirbelthiere /</subfield>
      <subfield code="c">in Verbindung mit ... hrsg. von F. Keibel.</subfield>
    </datafield>
    <datafield tag="260" ind1=" " ind2=" ">
      <subfield code="a">Jena :</subfield>
      <subfield code="b">Fischer,</subfield>
      <subfield code="c">1897.</subfield>
    </datafield>
    <datafield tag="300" ind1=" " ind2=" ">
      <subfield code="a">15 dl. :</subfield>
      <subfield code="b">ill. ;</subfield>
      <subfield code="c">35 cm.</subfield>
    </datafield>
    <datafield tag="336" ind1=" " ind2=" ">
      <subfield code="a">tekst</subfield>
      <subfield code="b">txt</subfield>
      <subfield code="2">rdacontent/dut</subfield>
    </datafield>
    <datafield tag="337" ind1=" " ind2=" ">
      <subfield code="a">zonder medium</subfield>
      <subfield code="b">n</subfield>
      <subfield code="2">rdamedia/dut</subfield>
    </datafield>
    <datafield tag="338" ind1=" " ind2=" ">
      <subfield code="a">band</subfield>
      <subfield code="b">nc</subfield>
      <subfield code="2">rdacarrier/dut</subfield>
    </datafield>
    <datafield tag="650" ind1=" " ind2="0">
      <subfield code="a">Embryology.</subfield>
    </datafield>
    <datafield tag="650" ind1=" " ind2="0">
      <subfield code="a">Embryology</subfield>
      <subfield code="v">Tables.</subfield>
    </datafield>
    <datafield tag="650" ind1=" " ind2="7">
      <subfield code="a">Embryology.</subfield>
      <subfield code="2">fast</subfield>
      <subfield code="0">(OCoLC)fst00908425</subfield>
    </datafield>
    <datafield tag="655" ind1=" " ind2="7">
      <subfield code="a">Tables.</subfield>
      <subfield code="2">fast</subfield>
      <subfield code="0">(OCoLC)fst01423914</subfield>
    </datafield>
    <datafield tag="700" ind1="1" ind2=" ">
      <subfield code="a">Keibel, Franz,</subfield>
      <subfield code="d">1861-1929.</subfield>
      <subfield code="1">https://id.oclc.org/worldcat/entity/E39PBJwX88rBpbTDPMjMkRY3wC</subfield>
    </datafield>
  </record>